| 000 | 00891nam a22002777a 4500 | ||
|---|---|---|---|
| 001 | 8996 | ||
| 003 | FISKH | ||
| 005 | 20251113102106.0 | ||
| 008 | 251113b cb ||||| |||| 00| 0 eng d | ||
| 020 | _a9780881064544 | ||
| 040 |
_aFISKH _beng _cFISKH _dFISKH |
||
| 050 | _aQL665 .P35 | ||
| 082 | _a597.9 | ||
| 100 |
_aPallotta, Jerry _eAuthor |
||
| 245 |
_aThe yucky reptile alphabet book / _cby Jerry Pallotta ; Illustrated by Ralph Masiello |
||
| 260 |
_aWatertown : _bCharlesbridge , _c1989 |
||
| 300 |
_a30 unnumbered pages : _bcolor illustrations ; _c21 x 26 cm |
||
| 505 | _aN | ||
| 520 | _aIntroduces brief facts about a variety of reptiles whose names begin with each letter of the alphabet. | ||
| 521 | 8 |
_a580
_bLexile |
|
| 521 | 8 |
_aN
_bRaz-Plus |
|
| 650 |
_aAlphabet book _vAnimals |
||
| 700 |
_aMasiello, Ralph _eIllustrator |
||
| 942 |
_2ddc _cBK _n0 |
||
| 999 |
_c8996 _d8996 |
||